United States Bordering Four States - Statistics

General Stats
  • This quiz has been taken 50 times
  • The average score is 8 of 11
Answer Stats
States % Correct
Alabama
88%
Arizona
85%
Texas
85%
Montana
83%
New Mexico
80%
Oregon
80%
Indiana
71%
Minnesota
71%
North Carolina
71%
Maryland
66%
Mississipi
20%
No matching quizzes found
Score Distribution
Percent of People with Each Score
Percentile by Number Answered
Your Score History
You have not taken this quiz